| 000 | 00549nam a2200229Ia 4500 | ||
|---|---|---|---|
| 003 | OSt | ||
| 005 | 20221006151759.0 | ||
| 006 | a|||||r|||| 00| 0 | ||
| 007 | ta | ||
| 008 | 221006b |||||||| |||| 00| 0 eng d | ||
| 020 | _c130.00 | ||
| 024 | _a23,341 | ||
| 037 | _cTextual | ||
| 040 |
_aEASL _cEASL _beng |
||
| 041 |
_2eng _aeng |
||
| 100 |
_aWINTLE Justin _9599655 |
||
| 245 | 0 | _aDragon's almanac | |
| 260 |
_aLondon _bKegan Paul _c1983 |
||
| 300 |
_a226p. _ccm. |
||
| 942 |
_cTEXL _2CC |
||
| 999 |
_c1091427 _d1091427 |
||